Desarrollo de un prototipo de sistema de información para la gestión de actividades de los docentes de la Facultad de Ciencias y Sistemas.

El estudio presenta el desarrollo de un prototipo de sistema de información para la gestión de la actividad de los docentes de la facultad de Ciencias y Sistemas, trata de una propuesta de solución automatizada que permita agilizar los procesos de planeación, seguimiento evaluación de los docen...

Full description

Bibliographic Details
Main Author: Herrera Treminio, Walger José
Other Authors: Tutor: Díaz Batista, José Antonio
Format: Tesis Section = Libro
Language:Undetermined
Spanish
Published: Managua UNI 2013
Subjects:
LEADER 01310nam a2200265Ia 4500
008 240830s9999 xx 000 0 und d
040 |a BIBLIOTECA-RUPAP M.Mon 004.65 H565 
041 |a spa 
082 |a M.Mon 004.65 H565 
100 1 |a Herrera Treminio, Walger José 
245 1 0 |a Desarrollo de un prototipo de sistema de información para la gestión de actividades de los docentes de la Facultad de Ciencias y Sistemas. 
260 |a Managua  |b UNI  |c 2013 
300 |a 104 p. :il. 
500 |a Contiene: anexos y glosarios. 
502 |a Tesis (Máster en Informática Empresarial)- UNI, 2013. 
520 3 |a El estudio presenta el desarrollo de un prototipo de sistema de información para la gestión de la actividad de los docentes de la facultad de Ciencias y Sistemas, trata de una propuesta de solución automatizada que permita agilizar los procesos de planeación, seguimiento evaluación de los docentes de la facultad. 
650 7 |a ANALISIS DE SISTEMAS DE INFORMACION 
650 7 |b DISEÑO - PROTOTIPO - AUTOMATIZACION 
650 7 |c BASES DE DATOS 
650 7 |d ALMACENAMIENTO Y RECUPERACION DE LA INFORMACION - DISEÑO 
650 7 |e ARQUITECTURA DE REDES DE COMUNICACION - WEB 
700 1 |a Tutor:  |b Díaz Batista, José Antonio 
942 |c BK  |2 ddc 
991 |a TESIS 
999 |c 15158